Voz para la escena (Registro nro. 322048)

Detalles MARC
000 -ENCABEZADO
Número de control [NR] 00925nam a22002297a 4500
005 - FECHA Y HORA DE LA ÚLTIMA TRANSACCIÓN
control field 20230130080218.0
008 - DE LONGITUD FIJA DE DATOS DE ELEMENTOS - INFORMACIÓN GENERAL
Elementos de longitud fija [NR] 230130s2011 mx a|||gr|||| 00| 0 eng d
020 ## - NUMERO INTERNACIONAL NORMALIZADO PARA LIBROS [R]
Número Internacional Normalizado del libro [NR] 9786079563707
040 ## - FUENTE DE CATALOGACION [NR]
Agencia de catalogación original [NR] CO-BoUCM
Idioma de catalogación [NR] spa
Quien Cataloga Deissy Garcia
Quien Clasifica Deissy Garcia
041 0# - CODIGO DE IDIOMA [R]
Código de idioma para texto/pista de sonido o título separado [R] Español
100 1# - ASIENTO PRINCIPAL--NOMBRE PERSONAL [NR]
ID Autoridad 176641
Nombre personal [NR] Monroy Bautista, Fidel
245 ## - MENCION DE TITULO [NR]
Título [NR] Voz para la escena
Parte restante del título [NR] entrenamiento y conceptos fundamentales
Mención de responsabilidad, etc. [NR] Fidel Monroy Bautista, con la colaboración de Alejandra Marín Aguilar
260 ## - PUBLICACION, DISTRIBUCION, ETC. (PIE DE IMPRENTA) [R]
Lugar de publicación, distribución, etc. [R] México, D.F.
Nombre del editor, distribuidor, etc. [R] Escenología
-- Centro de Estudios para el Uso de la Voz
Fecha de publicación, distribución, etc. [R] 2011
300 ## - DESCRIPCION FISICA [R]
Extensión [R] 414 páginas
Otros detalles físicos [NR] ilustraciones
504 ## - NOTA DE BIBLIOGRAFIA, ETC. [R]
Nota de bibliografía, etc. [NR] Incluye referencias bibliográficas
650 #7 - ASIENTO SECUNDARIO DE MATERIA - TERMINO TEMATICO [R]
9 (RLIN) 26373
Término temático o nombre geográfico como elemento de entrada [NR] Voz
Subdivisión general [R] Métodos y ejercicios
650 #7 - ASIENTO SECUNDARIO DE MATERIA - TERMINO TEMATICO [R]
9 (RLIN) 12374
Término temático o nombre geográfico como elemento de entrada [NR] Cultivo de la voz
650 #7 - ASIENTO SECUNDARIO DE MATERIA - TERMINO TEMATICO [R]
Término temático o nombre geográfico como elemento de entrada [NR] Actuación
Subdivisión de forma [R] Manuales
9 (RLIN) 176643
700 1# - ASIENTO SECUNDARIO - NOMBRE PERSONAL [R]
9 (RLIN) 176642
Nombre personal [NR] Marín Aguilar, Alejandra
942 ## - ELEMENTOS DE ENTRADA AGREGADOS (KOHA)
Sistema de clasificación DEWEY
Tema principal Arte
Tipo de ítem principal el descrito en 300a Libro
Edición 1
Clasificación 792.028
Parte restante de la signatura top. M753v
Título oculto en OPAC No
Existencias
Total préstamos Signatura topográfica Código de barras Última vez visto Ejemplar Costo de reposición Price effective from Tipo de ítem Nota pública (OPAC) Perdido Sistema de clasificación Dañado No prestable Tipo de ítem específico Suprimido Ubicación habitual Ubicación actual Localización Fecha de creación Forma de adquisición Costo
  792.028 M753v 100171180 10/12/2025 Ej.1 26000.00 30/01/2023 Libro Spot Teatro Musical   DEWEY     Libro   Sede del emprendimiento y la innovación Sede del Emprendimiento, Innovación y Creación 1er piso 30/01/2023 Donación 0.00